| 000 | 00501nam a2200157 4500 | ||
|---|---|---|---|
| 999 |
_c1600 _d1600 |
||
| 008 | 150602b xxu||||| |||| 00| 0 eng d | ||
| 020 | _a1844801004 | ||
| 050 | _aQA 76.5 .F74 1996 | ||
| 100 | _aFrench, C S | ||
| 245 | _aOliver and Chapman's data processing and information technology | ||
| 250 | _a10th ed. | ||
| 260 |
_aLondon: _bThomso Learning, _c1996 |
||
| 300 |
_avii, 501p. : _bill ,; _c20cm. |
||
| 500 | _ainclude index. | ||
| 650 | _aData processing | ||
| 942 |
_2lcc _cBOOKS _hQA 76.5 .F74 1996 |
||